Value distribution theory
Gespeichert in:
| Hauptverfasser: | , |
|---|---|
| Format: | Buch |
| Sprache: | Englisch |
| Veröffentlicht: |
Princeton
D. van Nostrand
1966
|
| Schriftenreihe: | The University Series in Higher Mathematics
|
| Schlagworte: | |
| Tags: |
Tag hinzufügen
Keine Tags, Fügen Sie den ersten Tag hinzu!
|
MARC
| LEADER | 00000nam a2200000 a 4500 | ||
|---|---|---|---|
| 001 | UCP2608 | ||
| 003 | CL-VaPUC | ||
| 008 | 990520e19660000us |||||||||||||||||eng|d | ||
| 082 | 0 | 4 | |a 516.373 |b SAR |2 21 |
| 100 | 0 | |a Sario, Leo |e author |9 429477 | |
| 700 | 0 | |a Noshiro, Kiyoshi |e author |9 429478 | |
| 245 | 1 | 0 | |a Value distribution theory |
| 300 | |a 236 p | ||
| 942 | |c BK | ||
| 945 | |d 19990520 00:00:00 |a crobeson | ||
| 260 | |a Princeton |b D. van Nostrand |c 1966 | ||
| 650 | 7 | |a GEOMETRIA RIEMANNIANA |2 CL-VaPUC |9 270151 | |
| 650 | 0 | |a Integrales |9 260233 | |
| 650 | 0 | |a Espacios topológicos |9 424244 | |
| 583 | |a last modification |c 20150504 03:24:30 |k Rodrigo Vera | ||
| 490 | 0 | |a The University Series in Higher Mathematics | |
| 999 | |c 281121 |d 281119 | ||
| 952 | |0 0 |1 0 |4 0 |6 516_373000000000000_SAR_1966 |7 0 |8 A |9 321786 |a BIBMAT |b BIBMAT |d 2019-11-20 |i 1346105 |o 516.373 SAR 1966 |p 1346105 |r 2025-01-07 |w 2019-11-20 |y BK |k MAT | ||